F.A.Information Practices-XII (Record no. 4014)

MARC details
000 -LEADER
fixed length control field 00217nam a22000857a 4500
008 - FIXED-LENGTH DATA ELEMENTS--GENERAL INFORMATION
fixed length control field 161121b xxu||||| |||| 00| 0 eng d
100 ## - MAIN ENTRY--PERSONAL NAME
9 (RLIN) 1300
Personal name CBSE
245 ## - TITLE STATEMENT
Title F.A.Information Practices-XII
260 ## - PUBLICATION, DISTRIBUTION, ETC. (IMPRINT)
Place of publication, distribution, etc. New delhi
Name of publisher, distributor, etc. CBSE
Date of publication, distribution, etc. 2010
Holdings
Withdrawn status Lost status Source of classification or shelving scheme Damaged status Koha normalized classification for sorting Not for loan Home library Current library Shelving location Date acquired Total Checkouts Total Renewals Full call number Barcode Date last seen Date last checked out Price effective from Koha item type
    Dewey Decimal Classification   CBS_005_130000000000000_A9   Good Samaritan School Library Good Samaritan School Library Information Practices 11/21/2016 5 1 CBS005.13 A-9 CBS9504 05/10/2018 05/08/2018 11/21/2016 BOOK
    Dewey Decimal Classification   005_130000000000000   Good Samaritan School Library Good Samaritan School Library Information Practices 11/21/2016     005.13 CBS9505 11/21/2016   11/21/2016 BOOK
    Dewey Decimal Classification   CBS_005_130000000000000_D7   Good Samaritan School Library Good Samaritan School Library Information Practices 11/21/2016     CBS005.13 D-7 CBS9506 11/21/2016   11/21/2016 BOOK

Powered by Koha